| 000 | 00550nam a22002057a 4500 | ||
|---|---|---|---|
| 003 | OSt | ||
| 005 | 20140310184326.0 | ||
| 008 | 131003t xxu||||| |||| 00| 0 eng d | ||
| 020 | _a9780439598019 | ||
| 050 |
_aML 3534 _b.In54 2003 |
||
| 100 |
_aIngram, Scott. _923703 |
||
| 245 |
_aThe roots of rock and roll / _cScott Ingram. |
||
| 260 |
_aNew York, NY: _bScholastic Inc., _c2003 |
||
| 300 |
_a47 p. : _bill. ; _c20 cm. |
||
| 521 | _aG3 | ||
| 526 | _c580 | ||
| 650 |
_aMusic _xRock and roll _923704 |
||
| 942 |
_2lcc _cBK-SCHOLAS |
||
| 999 |
_c33623 _d33623 |
||